| 000 | 00651nam a2200217 i 4500 | ||
|---|---|---|---|
| 001 | 135090 | ||
| 003 | ES-MaACL | ||
| 005 | 20230906194813.0 | ||
| 007 | t| | ||
| 008 | 070709s1976 sp |||| | spa d | ||
| 080 | _a37(100) | ||
| 080 | _a37:32 | ||
| 100 | 1 |
_aThomas, Jean. _9110025 |
|
| 245 | 1 | 4 |
_aLos grandes problemas de la educación en el mundo / _cJean Thomas ; [traducción de Josefina Careaga Ribelles]. |
| 260 |
_a[Salamanca] : _bAnaya, _c[1976] |
||
| 300 |
_a160 p. ; _c22 cm. |
||
| 650 | 1 | 4 |
_aEnseñanza. _912279 |
| 650 | 1 | 4 |
_aPolítica cultural. _916290 |
| 700 | 1 |
_aCareaga Ribelles, Josefina. _935222 |
|
| 852 |
_aES-MaACL _jA-6525 |
||
| 999 |
_c135090 _d135090 |
||